00344nam a22001217a 4500020000800000040001600008082001500024100001800039245006800057250001200125260004700137300003800184 qPB. cFIZZA ISHAQ a005.8bBIL aNelson, Bill. aGuide to Computer Forensics and Investigations /c Bill Nelson. a2ND ED. aCANADA:bTHOMSON Course Technology,c2006. a643 P. ;c7.5 x 1.5 x 9.25 inches